| 000 | 00597nam a2200217Ia 4500 | ||
|---|---|---|---|
| 005 | 20260317152724.0 | ||
| 008 | 160330s9999||||xx |||||||||||||| ||und|| | ||
| 020 | _a9788123901343 | ||
| 040 | _aCentral Library-NITS | ||
| 041 | _aEnglish | ||
| 082 |
_a540.2462 _bBAK |
||
| 100 | _aBakshi,S.P | ||
| 245 |
_aEngineering chemistry _cby S.P. Bakshi |
||
| 260 |
_aNew Delhi _bCBS Publishers & Distribution _c2019 |
||
| 300 |
_avii, 143p. _bill. _c20cm |
||
| 365 |
_b195.00 _c₹ |
||
| 650 | _aChemistry- Engineering | ||
| 650 | _aElectro chemistry | ||
| 650 | _aPollution control | ||
| 942 | _cBK | ||
| 999 |
_c32327 _d32327 |
||